00550nam a2200193 a 450000100060000000300090000600800410001502000150005604000280007108200170009910000180011624500290013426000490016330000100021249000380022265000190026065000320027965000450031119546CO-ViMGA141112s2004 ck r 000 u spa d a844069086X aCO-ViMGAbspacCO-ViMGA04a616.44 T637t1 aToft, Anthony10aLos trastornos tiroideos aBarcelona : bEdiciones B, cgrupo Z, c1999 a96 p. aGuías medicas salud y Bienestar14aENDOCRINOLOGIA14aENFERMEDADES DE LA TIROIDES14aENFERMEDADES DE LAS GLANDULAS ENDOCRINAS